Statistiques concernant Personnages de fiction en images - V

Cliquez ici pour prendre le quiz!

Statistiques générales

  • Ce quiz a été pris 17 182 fois
  • Le résultat moyen est 11 sur 20

Statistiques - réponses

Réponse% Correct
Lord Voldemort
98%
Vaiana
91%
Venom
89%
Vera Dinkley
88%
Volt
84%
Vénus
81%
Vegeta
76%
Viktor Krum
63%
Vomito
60%
Violette Parr
59%
Vic Beretton
56%
Vanellope Von Schweetz
40%
Vision
39%
Vil Coyote
37%
Valerian
33%
Vipélierre
32%
Vito Corleone
30%
Vincent Vega
29%
Vishnou
26%
Vladimir
10%

Distribution des résultats

Percentile par nombre de réponses

% des personnes avec chaque résultat

Votre développement - résultats

Vous n’avez pas pris ce quiz